[Event "DEM U10 2011"]
[Site "Oberhof GER"]
[Date "2011.06.15"]
[Round "7"]
[White "Schmidek, Emil"]
[Black "Baberz, Alexander"]
[Result "0-1"]
[Termination "normal"]
[Board "1"]
[WhiteElo "1719"]
[BlackElo "1854"]
[PlyCount "114"]
[WhiteFideId "12908150"]
[BlackFideId "12921734"]
[EventCountry "GER"]
[EventRounds "11"]
[EventType "swiss"]
[EventDate "2011.06.11"]

1. e4 c5 2. Nf3 d6 3. d4 cxd4 4. Nxd4 Nf6 5. Nc3 a6 6. Bg5 e6 7. f4 Be7 8. Qf3
Qc7 9. O-O-O h6 10. Bh4 Nbd7 11. Bd3 Nc5 12. Rhe1 b5 13. Kb1 Bb7 14. Bxf6 gxf6
15. Nb3 O-O-O 16. Nxc5 dxc5 17. Bf1 b4 18. Rxd8+ Rxd8 19. Na4 f5 20. Bd3 c4 21.
Bxc4 fxe4 22. Qe3 Qd6 23. b3 Bf6 24. Nb2 Bc3 25. Rf1 Bd2 26. Qg3 Qd4 27. Rd1
Qc3 28. Qxc3 bxc3 29. Na4 e3 30. Be2 Bxg2 31. Bxa6+ Kc7 32. Be2 Rd4 33. Rg1 Be4
34. Nc5 Bf5 35. Nd3 Bxd3 36. Bxd3 Rxf4 37. Rg2 Rf2 38. Rxf2 exf2 39. a4 f5 40.
Ka2 e5 41. Ka3 e4 42. Bf1 f4 43. Kb4 e3 44. Kc4 f3 45. Kd3 e2 46. Bxe2 fxe2 47.
Kxe2 Be3 48. Kf1 Kb6 49. b4 Kc6 50. Ke2 Kd5 51. b5 Kc5 52. Kf1 Kb4 53. h4 Kxa4
54. h5 Kxb5 55. Ke2 Kb4 56. Kf1 Ka3 57. Ke2 Kb2 0-1

[Event "DEM U10 2011"]
[Site "Oberhof GER"]
[Date "2011.06.15"]
[Round "7"]
[White "Gungl, Theo"]
[Black "Renger, Niklas"]
[Result "1-0"]
[Termination "normal"]
[Board "2"]
[WhiteElo "1736"]
[BlackElo "1452"]
[PlyCount "107"]
[WhiteFideId "24695653"]
[BlackFideId "12908096"]
[EventCountry "GER"]
[EventRounds "11"]
[EventType "swiss"]
[EventDate "2011.06.11"]

1. e4 c5 2. Nf3 d6 3. d4 cxd4 4. Nxd4 Nf6 5. Nc3 g6 6. Be3 Bg7 7. f3 O-O 8. Qd2
Nc6 9. Bc4 Bd7 10. O-O-O Rc8 11. Bb3 Nxd4 12. Bxd4 b5 13. Nd5 Nxd5 14. Bxg7
Kxg7 15. exd5 a5 16. a3 Kg8 17. Rhe1 Rc5 18. Re3 b4 19. axb4 axb4 20. Qxb4 Qa8
21. Kd2 Rb8 22. Qf4 Qa6 23. Rxe7 Bf5 24. Qd4 Qa5+ 25. c3 Qb5 26. Rde1 Rcc8 27.
Bc2 Bxc2 28. Kxc2 Qxb2+ 29. Kd3 Qb5+ 30. Ke3 Re8 31. Kf4 Rxe7 32. Rxe7 Re8 33.
Rxe8+ Qxe8 34. c4 Qe7 35. Kg3 Qe1+ 36. Kh3 g5 37. Qe4 Qc1 38. Kg4 h6 39. f4
gxf4 40. Qxf4 Qd1+ 41. Kh3 h5 42. Kh4 f6 43. h3 Kf7 44. Qxd6 Qc1 45. Qc7+ Kf8
46. Kg3 Qg5+ 47. Kh2 f5 48. Qe5 Kf7 49. d6 h4 50. Qe7+ Qxe7 51. dxe7 Kxe7 52.
g4 hxg3+ 53. Kxg3 Kd6 54. h4 1-0

[Event "DEM U10 2011"]
[Site "Oberhof GER"]
[Date "2011.06.15"]
[Round "7"]
[White "Sahki, Saphir"]
[Black "Wierzbicki, Jirawat"]
[Result "1-0"]
[Termination "normal"]
[Board "3"]
[WhiteElo "1597"]
[BlackElo "1405"]
[PlyCount "69"]
[WhiteFideId "26028450"]
[BlackFideId "1153579"]
[EventCountry "GER"]
[EventRounds "11"]
[EventType "swiss"]
[EventDate "2011.06.11"]

1. e4 e5 2. Nf3 Nc6 3. Bb5 a6 4. Ba4 Nf6 5. d3 d6 6. h3 Be7 7. O-O b5 8. Bb3
O-O 9. Nc3 Na5 10. Be3 Nxb3 11. axb3 Bb7 12. Ne2 Re8 13. Ng3 Bf8 14. Qd2 g6 15.
c4 c5 16. Bg5 Bg7 17. Ra2 Qe7 18. Re1 Qf8 19. Kh2 h6 20. Be3 Kh7 21. Qc2 Qe7
22. Rea1 Qd7 23. Ne2 b4 24. Qd2 Bc8 25. Ra5 Bb7 26. Rh1 Rad8 27. Ng3 Qc7 28.
Ra2 Qd7 29. Kg1 Qe7 30. h4 Qd7 31. h5 g5 32. Nf5 Bc8 33. Kf1 Qb7 34. Nxg7 Kxg7
35. Bxg5 1-0

[Event "DEM U10 2011"]
[Site "Oberhof GER"]
[Date "2011.06.15"]
[Round "7"]
[White "Martin, Julian"]
[Black "Buckels, Valentin"]
[Result "1-0"]
[Termination "normal"]
[Board "4"]
[WhiteElo "1321"]
[BlackElo "1475"]
[PlyCount "127"]
[WhiteFideId "12941000"]
[BlackFideId "12942766"]
[EventCountry "GER"]
[EventRounds "11"]
[EventType "swiss"]
[EventDate "2011.06.11"]

1. e4 c5 2. Nf3 d6 3. d4 cxd4 4. Nxd4 Nf6 5. Nc3 g6 6. f3 Bg7 7. Be3 O-O 8. Qd2
Nc6 9. O-O-O Nxd4 10. Bxd4 Be6 11. g4 Qa5 12. a3 Rfc8 13. h4 h5 14. gxh5 Nxh5
15. Bxg7 Kxg7 16. Bh3 Bxh3 17. Rxh3 Qe5 18. Rhh1 Qg3 19. Qe3 Rc4 20. Kb1 Rac8
21. Rd5 Qf4 22. Qf2 R8c5 23. Rg1 Nf6 24. Rxc5 Rxc5 25. Rf1 b6 26. Na2 Rh5 27.
Rh1 Kh7 28. Nc3 e6 29. Rh2 d5 30. Ne2 Qd6 31. Ng3 Rh6 32. exd5 Qxd5 33. Ne4
Nxe4 34. fxe4 Qd1+ 35. Ka2 Kg7 36. Qf4 Qd7 37. e5 Qe7 38. c3 Rh5 39. Qg3 Qd8
40. b3 Qd5 41. Re2 Qd1 42. Qf2 Rf5 43. Qe1 Qd3 44. Kb2 Qh3 45. Re3 Rf3 46. Rxf3
Qxf3 47. a4 Qg2+ 48. Ka3 Qd5 49. Qe3 f6 50. exf6+ Kxf6 51. Qf4+ Qf5 52. Qd4+
Qe5 53. Qd8+ Kf5 54. Qg5+ Ke4 55. Qxg6+ Qf5 56. h5 Kf4 57. Qxf5+ Kxf5 58. Kb4
e5 59. Kc4 e4 60. h6 Kf4 61. h7 e3 62. h8=Q e2 63. Qe8 Kf3 64. Kd3 1-0

[Event "DEM U10 2011"]
[Site "Oberhof GER"]
[Date "2011.06.15"]
[Round "7"]
[White "Stobbe, Frederik"]
[Black "Mätzkow, Maximilian Paul"]
[Result "0-1"]
[Termination "normal"]
[Board "5"]
[WhiteElo "1105"]
[BlackElo "1597"]
[PlyCount "78"]
[BlackFideId "24679933"]
[EventCountry "GER"]
[EventRounds "11"]
[EventType "swiss"]
[EventDate "2011.06.11"]

1. e4 c5 2. d4 cxd4 3. c3 d3 4. Bxd3 Nc6 5. Nf3 g6 6. Bf4 Bg7 7. O-O d6 8. Nbd2
Nf6 9. Nc4 O-O 10. Qe2 Nd7 11. Rad1 b5 12. Ne3 a6 13. Bc2 Bb7 14. Rd2 Qa5 15.
a3 Nde5 16. Nxe5 Nxe5 17. Bxe5 Bxe5 18. f4 Bg7 19. Nd5 e6 20. Ne7+ Kh8 21. Rxd6
Qc7 22. Rfd1 Qxe7 23. Rd7 Qc5+ 24. Kh1 Bc6 25. Rc7 Qb6 26. Rdd7 Bxd7 27. Rxd7
Rad8 28. Qd3 Rxd7 29. Qxd7 Qf2 30. Qd1 Bf6 31. e5 Rd8 32. Qc1 Rd2 33. Qg1 Rxc2
34. exf6 Qd2 35. h3 Rc1 36. Qxc1 Qxc1+ 37. Kh2 Qxf4+ 38. g3 Qf2+ 39. Kh1 e5 0-1

[Event "DEM U10 2011"]
[Site "Oberhof GER"]
[Date "2011.06.15"]
[Round "7"]
[White "Poghosyan, Tigran"]
[Black "Tong, Kevin"]
[Result "0-1"]
[Termination "normal"]
[Board "6"]
[WhiteElo "1685"]
[BlackElo "1345"]
[PlyCount "178"]
[WhiteFideId "12909319"]
[BlackFideId "12913944"]
[EventCountry "GER"]
[EventRounds "11"]
[EventType "swiss"]
[EventDate "2011.06.11"]

1. Nf3 Nf6 2. g3 e6 3. Bg2 Be7 4. O-O O-O 5. d4 d5 6. c4 c5 7. cxd5 exd5 8. Nc3
Be6 9. Bf4 Nc6 10. Rc1 c4 11. Ne5 Rc8 12. Nxc6 Rxc6 13. Qc2 Rc8 14. Rfd1 Bd6
15. Bxd6 Qxd6 16. e4 Qd7 17. e5 Ne8 18. Qe2 Nc7 19. b3 b5 20. b4 Na8 21. f4 Bg4
22. Bf3 Bxf3 23. Qxf3 Nb6 24. f5 f6 25. e6 Qc6 26. Kg2 a6 27. Re1 Rfe8 28. h4
Re7 29. g4 Qd6 30. a3 Rd8 31. Rh1 Na4 32. Rc2 Nxc3 33. Rxc3 Qb6 34. Qf4 Qd6 35.
Qxd6 Rxd6 36. Kf3 g6 37. Kf4 Kg7 38. Re1 Rc6 39. Ree3 Rd6 40. Re2 Rc6 41. Ra2
Rb6 42. Ke3 Kf8 43. Kd2 Reb7 44. Re3 Ke7 45. Kc3 Rb8 46. a4 R8b7 47. Ree2 Rb8
48. Reb2 R8b7 49. axb5 axb5 50. Ra5 Rb8 51. Rba2 R6b7 52. Ra8 Rb6 53. Rxb8 Rxb8
54. Ra7+ Kd6 55. Rd7+ Kc6 56. Rxh7 gxf5 57. Rg7 fxg4 58. Rxg4 Kd6 59. e7 Kxe7
60. Kd2 Ke6 61. Kc3 Ra8 62. Rg7 Ra3+ 63. Kc2 Rh3 64. Rb7 Rxh4 65. Rxb5 Rxd4 66.
Rb6+ Ke5 67. Rb8 Rd3 68. b5 Rb3 69. b6 Kd6 70. b7 Kc7 71. Rf8 Kxb7 72. Rxf6 Kc7
73. Re6 Rb6 74. Re5 Kd6 75. Re3 Kc5 76. Rg3 Rd6 77. Rg5 Kb4 78. Rg1 d4 79. Rb1+
Kc5 80. Ra1 Rb6 81. Ra5+ Rb5 82. Ra8 d3+ 83. Kc3 Rb3+ 84. Kd2 Rb2+ 85. Kc1 Rc2+
86. Kd1 Kd4 87. Ra7 Rb2 88. Kc1 Kc3 89. Ra3+ Rb3 0-1

[Event "DEM U10 2011"]
[Site "Oberhof GER"]
[Date "2011.06.15"]
[Round "7"]
[White "Shoipov, Dennie"]
[Black "Laubrock, Paul"]
[Result "1/2-1/2"]
[Termination "normal"]
[Board "7"]
[WhiteElo "1336"]
[BlackElo "1546"]
[PlyCount "138"]
[WhiteFideId "14137755"]
[BlackFideId "1270509"]
[EventCountry "GER"]
[EventRounds "11"]
[EventType "swiss"]
[EventDate "2011.06.11"]

1. e4 c5 2. Nf3 Nc6 3. d4 cxd4 4. Nxd4 Nf6 5. Nc3 a6 6. Be3 e6 7. Bc4 Bb4 8. f3
b5 9. Bb3 Na5 10. O-O Bb7 11. Nce2 Nxb3 12. cxb3 O-O 13. a3 Bc5 14. b4 Bb6 15.
Bf2 d5 16. e5 Nd7 17. f4 Rc8 18. b3 Qe7 19. Qd2 Bc6 20. Rfc1 Nb8 21. Kh1 Qb7
22. Bg1 Rc7 23. Rc2 Rfc8 24. Rac1 Bd7 25. Rc3 Rxc3 26. Rxc3 Rxc3 27. Qxc3 h6
28. Qc2 Nc6 29. Qc3 Nxd4 30. Nxd4 Qc8 31. Qxc8+ Bxc8 32. g3 f6 33. exf6 gxf6
34. Kg2 Bd7 35. Kf1 e5 36. fxe5 fxe5 37. Nf3 Bxg1 38. Nxg1 d4 39. Ke2 e4 40.
Kd2 Bg4 41. h3 Bf3 42. a4 Kg7 43. Ke1 d3 44. Kd2 Kf6 45. Ke3 Ke5 46. g4 Bd1 47.
a5 Bxb3 48. h4 Bf7 49. g5 hxg5 50. hxg5 Bg6 51. Nh3 Kf5 52. Nf2 Kxg5 53. Nh3+
Kf5 54. Nf2 Ke5 55. Nd1 Kf5 56. Nf2 Kg5 57. Nh3+ Kg4 58. Nf2+ Kg3 59. Nd1 Kg2
60. Nc3 Kf1 61. Kd2 Bh5 62. Nxe4 Be2 63. Nc5 Kg2 64. Nxa6 Kf3 65. Nc7 Ke4 66.
a6 Bf3 67. a7 Kd4 68. Nxb5+ Kc4 69. Nc7 Kxb4 1/2-1/2

[Event "DEM U10 2011"]
[Site "Oberhof GER"]
[Date "2011.06.15"]
[Round "7"]
[White "Muckle, Julius"]
[Black "Reimann, Sebastian"]
[Result "1/2-1/2"]
[Termination "normal"]
[Board "8"]
[WhiteElo "1357"]
[BlackElo "1442"]
[PlyCount "122"]
[WhiteFideId "12942430"]
[BlackFideId "12928054"]
[EventCountry "GER"]
[EventRounds "11"]
[EventType "swiss"]
[EventDate "2011.06.11"]

1. d4 d5 2. c4 dxc4 3. Nc3 a6 4. a4 c5 5. e3 cxd4 6. exd4 Bf5 7. Bxc4 Bg6 8.
Nf3 Nf6 9. O-O e6 10. d5 exd5 11. Nxd5 Nxd5 12. Bxd5 Nc6 13. Re1+ Be7 14. Bxc6+
bxc6 15. Be3 Qxd1 16. Raxd1 O-O 17. Bd2 Bf6 18. Bc3 Bxc3 19. bxc3 Bc2 20. Ra1
Rfe8 21. Rec1 Be4 22. Nd4 c5 23. Nb3 c4 24. Nc5 Bc6 25. Rd1 a5 26. Rd4 Rac8 27.
Nd7 Rcd8 28. Nb6 Rxd4 29. cxd4 Rd8 30. Nxc4 Rxd4 31. Nxa5 Bxa4 32. Nb3 Rd8 33.
Nc5 Bc6 34. Kf1 Re8 35. Rb1 h6 36. f3 Rc8 37. Ne4 Bd5 38. Rd1 Be6 39. Ng3 Rc2
40. Ne4 Rc8 41. Kf2 Ra8 42. Rd2 Kf8 43. Ke3 g5 44. Nf6 Ke7 45. Nd5+ Bxd5 46.
Rxd5 Ke6 47. Rd4 Ra2 48. Rd2 Ra1 49. Rd8 Kf6 50. Rd6+ Kg7 51. Kf2 Ra2+ 52. Kg3
Re2 53. Rd1 h5 54. Rf1 Kg6 55. f4 g4 56. h3 Re3+ 57. Kf2 Re4 58. Kg3 f5 59.
hxg4 hxg4 60. Kh2 Re3 61. g3 Rf3 1/2-1/2

[Event "DEM U10 2011"]
[Site "Oberhof GER"]
[Date "2011.06.15"]
[Round "7"]
[White "Mantel, Ruben"]
[Black "Wong, Gengchun"]
[Result "0-1"]
[Termination "normal"]
[Board "9"]
[WhiteElo "1437"]
[BlackElo "1337"]
[PlyCount "76"]
[WhiteFideId "12930121"]
[BlackFideId "12963283"]
[EventCountry "GER"]
[EventRounds "11"]
[EventType "swiss"]
[EventDate "2011.06.11"]

1. e4 c5 2. Nf3 d6 3. d4 cxd4 4. Nxd4 Nf6 5. Nc3 a6 6. f3 e6 7. Be3 b5 8. Qd2
Nbd7 9. g4 Nb6 10. O-O-O Nfd7 11. Nb3 Ne5 12. Qf2 Nec4 13. Bd4 Qc7 14. Nd2 Nxd2
15. Rxd2 Bb7 16. Be2 Nc4 17. Bxc4 Qxc4 18. Kb1 a5 19. Rhd1 a4 20. Qe2 Qxe2 21.
Nxe2 d5 22. Ng3 h5 23. Nxh5 f6 24. exd5 Bxd5 25. Re1 Kf7 26. f4 f5 27. h3 Bf3
28. Bxg7 Rxh5 29. Bxf8 Rxh3 30. Bb4 Bxg4 31. Rd7+ Kg8 32. Rxe6 Rh1+ 33. Be1 Kf8
34. Rde7 Rd8 35. a3 Bh5 36. c3 Bf7 37. Re2 Rd1+ 38. Kc2 Bb3# 0-1

[Event "DEM U10 2011"]
[Site "Oberhof GER"]
[Date "2011.06.15"]
[Round "7"]
[White "Savchenko, Daniel"]
[Black "Piskaykin, Bogdan"]
[Result "0-1"]
[Termination "normal"]
[Board "10"]
[WhiteElo "1411"]
[BlackElo "1329"]
[PlyCount "51"]
[WhiteFideId "12919195"]
[BlackFideId "12941212"]
[EventCountry "GER"]
[EventRounds "11"]
[EventType "swiss"]
[EventDate "2011.06.11"]

1. e4 c5 2. Nf3 d6 3. d4 cxd4 4. Nxd4 Nf6 5. Nc3 a6 6. f3 e6 7. Be3 b5 8. Qd2
Bb7 9. O-O-O Be7 10. h4 Nfd7 11. h5 h6 12. g4 Nc6 13. Nce2 Rc8 14. Nc3 Na5 15.
Kb1 Nc4 16. Bxc4 Rxc4 17. Rdg1 Ne5 18. f4 Rxd4 19. Qxd4 Nf3 20. Qxg7 Bf6 21.
Qxh8+ Bxh8 22. Rf1 Bxc3 23. bxc3 Bxe4 24. Rh3 Qa8 25. g5 Nd2+ 26. Bxd2 0-1

[Event "DEM U10 2011"]
[Site "Oberhof GER"]
[Date "2011.06.15"]
[Round "7"]
[White "Reimers, Kim"]
[Black "Rockmann, Jan-Okke"]
[Result "0-1"]
[Termination "normal"]
[Board "11"]
[WhiteElo "1386"]
[BlackElo "1294"]
[PlyCount "82"]
[WhiteFideId "12930377"]
[BlackFideId "12942111"]
[EventCountry "GER"]
[EventRounds "11"]
[EventType "swiss"]
[EventDate "2011.06.11"]

1. e4 c5 2. d4 cxd4 3. c3 dxc3 4. Nxc3 Nc6 5. Nf3 e6 6. Bc4 a6 7. O-O Bc5 8.
Qe2 h6 9. Rd1 d6 10. Bf4 Nge7 11. Rac1 Ng6 12. Bg3 O-O 13. a3 b5 14. Ba2 e5 15.
b4 Nd4 16. Qd3 Bb6 17. Nd5 Ba7 18. Nc7 Rb8 19. h3 Kh8 20. Nxd4 Bxd4 21. Kh1 Rb7
22. Nd5 f5 23. f4 fxe4 24. Qxe4 Bf5 25. Qe2 Re8 26. Qh5 Rf8 27. fxe5 dxe5 28.
Ne3 Qg5 29. Qxg5 hxg5 30. Nxf5 Rxf5 31. Bd5 Ra7 32. Be4 Rf6 33. Bxg6 Rxg6 34.
Rc8+ Kh7 35. Re8 Rd6 36. Re1 g4 37. hxg4 Rh6+ 38. Bh2 a5 39. Rb8 axb4 40. axb4
Bc3 41. Re3 Ra1+ 0-1

[Event "DEM U10 2011"]
[Site "Oberhof GER"]
[Date "2011.06.15"]
[Round "7"]
[White "Hoffmann, Jens"]
[Black "Kuhn, Magnus"]
[Result "0-1"]
[Termination "normal"]
[Board "13"]
[WhiteElo "1327"]
[BlackElo "1579"]
[PlyCount "136"]
[WhiteFideId "12946320"]
[BlackFideId "12926345"]
[EventCountry "GER"]
[EventRounds "11"]
[EventType "swiss"]
[EventDate "2011.06.11"]

1. e4 e5 2. Nf3 Nc6 3. Bb5 a6 4. Ba4 Nf6 5. O-O Be7 6. Re1 d6 7. c3 O-O 8. h3
b5 9. Bb3 Na5 10. Bc2 c5 11. d4 Qc7 12. a4 Bd7 13. b3 Rfc8 14. d5 bxa4 15. bxa4
Rab8 16. Nbd2 Rb6 17. Nf1 Rcb8 18. Be3 Rb2 19. Bc1 R2b7 20. Be3 c4 21. Rb1 Rxb1
22. Bxb1 Nb3 23. Bc2 Bxa4 24. Bxb3 Bxb3 25. Qc1 Nxe4 26. Bh6 Nc5 27. Qe3 Nd3
28. Ra1 Ra8 29. Ng3 Qa7 30. Qxa7 Rxa7 31. Be3 Ra8 32. Nf5 Bf8 33. Ng5 g6 34.
Nh4 Kg7 35. g3 h6 36. Ne4 f5 37. Nd2 a5 38. f4 e4 39. g4 Be7 40. g5 hxg5 41.
fxg5 a4 42. Ng2 Kf7 43. h4 Bf8 44. Nf4 Nxf4 45. Bxf4 Bg7 46. Nb1 Be5 47. Be3 a3
48. Rxa3 Rxa3 49. Nxa3 Bxc3 50. Nb1 Be5 51. Bd2 Bg3 52. Be3 Be5 53. Bd2 f4 54.
Bc3 Ke7 55. Bxe5 dxe5 56. h5 gxh5 57. g6 Kf6 58. d6 Ba4 59. Nc3 Be8 60. Nxe4+
Kxg6 61. Kf2 Kf5 62. d7 Bxd7 63. Nd6+ Kg5 64. Nxc4 e4 65. Ne5 Be6 66. Nc6 e3+
67. Ke2 Bc4+ 68. Ke1 f3 0-1

[Event "DEM U10 2011"]
[Site "Oberhof GER"]
[Date "2011.06.15"]
[Round "7"]
[White "Niemann, Alexander"]
[Black "Fieberg, Samuel"]
[Result "0-1"]
[Termination "normal"]
[Board "14"]
[WhiteElo "1311"]
[BlackElo "1762"]
[PlyCount "64"]
[WhiteFideId "12939862"]
[BlackFideId "12901717"]
[EventCountry "GER"]
[EventRounds "11"]
[EventType "swiss"]
[EventDate "2011.06.11"]

1. e4 e5 2. Nf3 Nc6 3. Bc4 Bc5 4. b4 Bxb4 5. c3 Ba5 6. d4 exd4 7. O-O d3 8. Qb3
Qf6 9. Bxd3 Nge7 10. Bb2 Bb6 11. c4 Nd4 12. Nxd4 Bxd4 13. Bxd4 Qxd4 14. Nd2 O-O
15. Nf3 Qb6 16. Qc2 d6 17. Rab1 Qc5 18. e5 dxe5 19. Bxh7+ Kh8 20. Bd3 f6 21. h3
a6 22. Rfe1 g5 23. Qe2 Kg7 24. g4 Rh8 25. Kg2 Ng6 26. Qe4 Nf4+ 27. Kf1 Rxh3 28.
Kg1 Bxg4 29. Re3 Rah8 30. Kf1 Bxf3 31. Qxf3 Rh1+ 32. Qxh1 Rxh1# 0-1

[Event "DEM U10 2011"]
[Site "Oberhof GER"]
[Date "2011.06.15"]
[Round "7"]
[White "Kölz, Niklas"]
[Black "Sanati, Charlotte"]
[Result "1-0"]
[Termination "normal"]
[Board "15"]
[WhiteElo "1479"]
[BlackElo "1284"]
[PlyCount "139"]
[WhiteFideId "12971758"]
[BlackFideId "12907707"]
[EventCountry "GER"]
[EventRounds "11"]
[EventType "swiss"]
[EventDate "2011.06.11"]

1. c4 c5 2. g3 Nc6 3. Bg2 e5 4. Nc3 g6 5. e3 Bg7 6. Nge2 Nge7 7. O-O d6 8. f4
O-O 9. d3 Rb8 10. a3 Be6 11. Nd5 Qd7 12. Nec3 Nf5 13. Ne4 Qd8 14. Rb1 f6 15. b4
b6 16. Nexf6+ Bxf6 17. Nxf6+ Qxf6 18. Bxc6 Rbc8 19. Bg2 Qg7 20. Qd2 Qh6 21.
fxe5 dxe5 22. e4 Qxd2 23. Bxd2 Nd4 24. Rxf8+ Rxf8 25. bxc5 bxc5 26. Be3 Rd8 27.
Bf1 Rc8 28. Bxd4 exd4 29. Be2 Rc7 30. Bf3 Kf7 31. a4 Bd7 32. a5 Ba4 33. Rb2 Kf6
34. a6 Re7 35. Ra2 Bd7 36. Bd1 Ke5 37. Ba4 Bh3 38. Rf2 Rc7 39. Bb5 h5 40. Rf8
Rg7 41. Bc6 g5 42. Re8+ Kd6 43. Bd5 Rg6 44. Rf8 Ke7 45. Rf7+ Ke8 46. e5 Rxa6
47. Rc7 Ra1+ 48. Kf2 Ra2+ 49. Ke1 Ra1+ 50. Kd2 a5 51. Rxc5 a4 52. Ra5 Bf5 53.
Bc6+ Ke7 54. Ra7+ Kd8 55. Rxa4 Rxa4 56. Bxa4 Ke7 57. c5 Bc8 58. Bb3 Kd7 59. Bd5
Ke7 60. c6 Kd8 61. Kc2 Ke7 62. Kb3 Be6 63. Bxe6 Kxe6 64. Kc4 Ke7 65. Kxd4 Kd8
66. e6 h4 67. g4 h3 68. Ke5 Ke7 69. c7 Ke8 70. c8=Q+ 1-0

[Event "DEM U10 2011"]
[Site "Oberhof GER"]
[Date "2011.06.15"]
[Round "7"]
[White "Shen, Julian"]
[Black "Fromm, Katja"]
[Result "1-0"]
[Termination "normal"]
[Board "16"]
[WhiteElo "1273"]
[BlackElo "1401"]
[PlyCount "113"]
[WhiteFideId "12942898"]
[BlackFideId "12929409"]
[EventCountry "GER"]
[EventRounds "11"]
[EventType "swiss"]
[EventDate "2011.06.11"]

1. e4 c6 2. d4 d5 3. exd5 cxd5 4. Bd3 Nc6 5. c3 Nf6 6. Nf3 Bg4 7. Nbd2 e6 8.
O-O Bd6 9. Re1 O-O 10. Nb3 h6 11. Bd2 Rc8 12. h3 Bxf3 13. Qxf3 Re8 14. Rac1 a5
15. Be3 Qb6 16. Rc2 a4 17. Nd2 Qa5 18. Bxh6 gxh6 19. Qxf6 Bf8 20. Re3 Bd6 21.
Qxh6 Nxd4 22. f4 Bxf4 23. Qxf4 Nxc2 24. Bxc2 Qa7 25. Kh1 Kf8 26. Bxa4 Ke7 27.
Bxe8 Kxe8 28. a3 Qb6 29. b4 Qa6 30. Rf3 f5 31. g4 Kd7 32. gxf5 exf5 33. Qxf5+
Kc7 34. Qxd5 Kb8 35. Qe5+ Ka7 36. Qa5 Qxa5 37. bxa5 Ka6 38. h4 Rh8 39. Rh3 Rh5
40. Kg2 Kxa5 41. Kg3 b5 42. Kg4 Rh7 43. h5 Ka4 44. h6 Kxa3 45. c4+ Kb4 46. cxb5
Kxb5 47. Ne4 Kc6 48. Ng5 Ra7 49. h7 Ra4+ 50. Kh5 Ra8 51. Kg6 Ra6 52. h8=Q Kd5+
53. Kf5 Rc6 54. Qe5+ Kc4 55. Rc3+ Kb4 56. Rxc6 Kb3 57. Qb5+ 1-0

[Event "DEM U10 2011"]
[Site "Oberhof GER"]
[Date "2011.06.15"]
[Round "7"]
[White "Schirra, Maurice"]
[Black "Alekhanov, Jannis"]
[Result "1/2-1/2"]
[Termination "normal"]
[Board "17"]
[WhiteElo "1226"]
[BlackElo "1398"]
[PlyCount "88"]
[WhiteFideId "12941115"]
[BlackFideId "12921238"]
[EventCountry "GER"]
[EventRounds "11"]
[EventType "swiss"]
[EventDate "2011.06.11"]

1. e4 e5 2. Nf3 Nc6 3. d4 exd4 4. Nxd4 Bc5 5. Nxc6 Qf6 6. Qd2 Qxc6 7. Nc3 Nf6
8. Bd3 Bb4 9. O-O O-O 10. a3 Bxc3 11. Qxc3 Qxc3 12. bxc3 d5 13. exd5 Nxd5 14.
Bd2 b6 15. Be4 c6 16. c4 Ne7 17. Bb4 Re8 18. Bxe7 Rxe7 19. Bxc6 Rb8 20. Rfe1
Rxe1+ 21. Rxe1 Bf5 22. Ba4 h6 23. Rd1 Rc8 24. Bb3 Rc6 25. f3 f6 26. Kf2 Rc5 27.
Rd5 Be6 28. Rxc5 bxc5 29. Ke3 a5 30. Ke4 Kf7 31. a4 g6 32. g3 Ke7 33. Ke3 Kd6
34. f4 Bf5 35. Kf3 g5 36. c3 h5 37. Ke3 Bb1 38. Kf3 Ke6 39. g4 hxg4+ 40. Kxg4
gxf4 41. Kxf4 f5 42. h4 Kf6 43. h5 Bd3 44. h6 Kg6 1/2-1/2

[Event "DEM U10 2011"]
[Site "Oberhof GER"]
[Date "2011.06.15"]
[Round "7"]
[White "Schneider, Jana"]
[Black "Zieschank, Leon"]
[Result "1/2-1/2"]
[Termination "normal"]
[Board "18"]
[WhiteElo "1347"]
[BlackElo "1236"]
[PlyCount "60"]
[WhiteFideId "12924997"]
[EventCountry "GER"]
[EventRounds "11"]
[EventType "swiss"]
[EventDate "2011.06.11"]

1. e4 e5 2. Nf3 Nc6 3. d4 exd4 4. Nxd4 Nxd4 5. Qxd4 Nf6 6. Nc3 h6 7. Bc4 d6 8.
O-O Be6 9. Re1 Bxc4 10. Qxc4 Qe7 11. Bf4 O-O-O 12. Nd5 Nxd5 13. Qxd5 Re8 14.
Kf1 Qf6 15. Bg3 Rd8 16. a4 Re8 17. a5 a6 18. Rad1 Rd8 19. Qd4 Qxd4 20. Rxd4 g6
21. Rd3 Bg7 22. b4 Rde8 23. Rb3 Be5 24. Bxe5 Rxe5 25. f3 Rhe8 26. Reb1 b6 27.
axb6 cxb6 28. Rc3+ Kb7 29. Rd3 Kc7 30. Ra1 Ra8 1/2-1/2

[Event "DEM U10 2011"]
[Site "Oberhof GER"]
[Date "2011.06.15"]
[Round "7"]
[White "ter Stal, Sven"]
[Black "Petersen, Marcel"]
[Result "1-0"]
[Termination "normal"]
[Board "19"]
[WhiteElo "1056"]
[BlackElo "1330"]
[PlyCount "95"]
[WhiteFideId "12946443"]
[BlackFideId "12935670"]
[EventCountry "GER"]
[EventRounds "11"]
[EventType "swiss"]
[EventDate "2011.06.11"]

1. e4 c5 2. Nc3 Nc6 3. f4 g6 4. Nf3 Bg7 5. Bc4 e6 6. f5 Nd4 7. O-O Ne7 8. fxe6
dxe6 9. d3 O-O 10. Bg5 f5 11. exf5 Rxf5 12. Ne4 b5 13. Bb3 Qd7 14. c3 Nxf3+ 15.
Rxf3 Qc7 16. Rxf5 Nxf5 17. Qe2 Qe5 18. Qf3 Rb8 19. Re1 Kh8 20. Qh3 c4 21. d4
Qc7 22. Bc2 Qf7 23. Rf1 Qd7 24. Nf6 Bxf6 25. Bxf6+ Kg8 26. Bxf5 exf5 27. Re1
Qf7 28. Qh6 Be6 29. Rxe6 Rb7 30. Rc6 Qe8 31. Qf4 Qxc6 32. Qe5 Qe4 33. Qxe4 fxe4
34. Be5 a5 35. Kf2 b4 36. Ke3 bxc3 37. bxc3 Rb2 38. g4 Rxa2 39. g5 a4 40. d5 a3
41. d6 Ra1 42. d7 Rd1 43. Bd4 a2 44. d8=Q+ Kf7 45. Qd7+ Kf8 46. Bg7+ Kg8 47.
Qxd1 Kxg7 48. Qa1 1-0

[Event "DEM U10 2011"]
[Site "Oberhof GER"]
[Date "2011.06.15"]
[Round "7"]
[White "Ackermann, Constantin"]
[Black "Reuker, Jari"]
[Result "0-1"]
[Termination "normal"]
[Board "20"]
[WhiteElo "1103"]
[BlackElo "1647"]
[PlyCount "74"]
[BlackFideId "12909300"]
[EventCountry "GER"]
[EventRounds "11"]
[EventType "swiss"]
[EventDate "2011.06.11"]

1. e4 c5 2. Bc4 e6 3. Qe2 a6 4. c3 Qc7 5. d3 b5 6. Bb3 Bb7 7. Nd2 d6 8. Ngf3
Nd7 9. O-O Be7 10. Re1 Ngf6 11. Nf1 O-O 12. Ng3 Rfe8 13. Bc2 Rac8 14. Bd2 Bf8
15. Qd1 Nb6 16. b3 d5 17. Rc1 Red8 18. d4 cxd4 19. cxd4 Ba3 20. Rb1 Qxc2 21.
Qxc2 Rxc2 22. Ba5 Nfd7 23. Ne5 Rdc8 24. exd5 Bxd5 25. Ne2 h6 26. Nf4 Bb7 27. h3
Rxa2 28. Red1 Be4 29. Ra1 Rxa1 30. Rxa1 Rc1+ 31. Rxc1 Bxc1 32. Ne2 Bb2 33. f3
Bd5 34. Kf2 Bxb3 35. Ke3 Nd5+ 36. Ke4 Bc2+ 37. Nd3 f5# 0-1

[Event "DEM U10 2011"]
[Site "Oberhof GER"]
[Date "2011.06.15"]
[Round "7"]
[White "Hoffmann, Fabian"]
[Black "Lohrmann, Tabea"]
[Result "1-0"]
[Termination "normal"]
[Board "21"]
[WhiteElo "1424"]
[BlackElo "1039"]
[PlyCount "77"]
[WhiteFideId "12964891"]
[BlackFideId "12911941"]
[EventCountry "GER"]
[EventRounds "11"]
[EventType "swiss"]
[EventDate "2011.06.11"]

1. e4 e5 2. Nf3 Nc6 3. Bc4 Bc5 4. d3 d6 5. Nc3 Bg4 6. h3 Bh5 7. Be3 Bxe3 8.
fxe3 Nf6 9. O-O O-O 10. Qe1 Re8 11. Qg3 a6 12. Nd5 Nxd5 13. Bxd5 Qc8 14. Ng5
Re7 15. Qh4 Bg6 16. Bxc6 bxc6 17. Nxh7 Qd8 18. Ng5 d5 19. exd5 cxd5 20. Nf3 c6
21. Qa4 Qd7 22. Rad1 e4 23. Nh4 Bh7 24. Qa3 Qa7 25. d4 Rae8 26. Nf5 Re6 27. Nd6
Rd8 28. Nxf7 Rc8 29. Ng5 Rg6 30. h4 c5 31. Rf7 Qb6 32. Rdf1 Qd6 33. dxc5 Qb8
34. c6 Rgxc6 35. Qe7 Rg6 36. Ne6 Rg4 37. Rf8+ Rxf8 38. Rxf8+ Qxf8 39. Qxf8# 1-0